000 00521nam a2200193Ia 4500
005 20260429112228.0
008 260429s9999||||xx |||||||||||||| ||und||
020 _a9788119684724
041 _aEnglish
082 _a530.41
_bSON
100 _aSoni, Subhash
245 0 _aSolid state physics :
_bprinciples and applications /
_cSubhash Soni
260 _aJaipur :
_bBook Enclave,
_c2025.
300 _avi, 259 p.; hb
650 _a Solidstate physics
650 _aPhysics
700 _a Kumar, Ajay
942 _cTB
999 _c53008
_d53008